01695nam a2200241 a 4500008004100000050002600041110005800067245008100125260003000206300000900236362002900245500001700274650003300291995014200324995014300466995014300609995014200752999001700894952013500911952013601046952013601182952013501318150914s9999 ||||||||||||||||| || u aKYO-UNI(05)ASM/2014/1 aThe Center for African Area Studies, Kyoto University10aAfrican study monographscBy the Center for African Studies Kyoto University aKyotobKyoto Universityc a66p.1 aNo. 1, No.2, No. 49 & 50 aBibliography aAFRICAN DEVELOPMENAL ASPECTS aSPECIAL COLLECTIONSe1999FCBU-MAIN LIBRARY (Kitwe)jKYO-UNI(05)ASM/2014/1M1UAVAILABLEWSep 14, 2015yB1999ZInternational Publications aSPECIAL COLLECTIONSe2001FCBU-MAIN LIBRARY (Kitwe)jKYO-UNI(05)ASM/2014/49M3UAVAILABLEWSep 14, 2015yB2001ZInternational Publications aSPECIAL COLLECTIONSe2002FCBU-MAIN LIBRARY (Kitwe)jKYO-UNI(05)ASM/2014/50M4UAVAILABLEWSep 14, 2015yB2002ZInternational Publications aSPECIAL COLLECTIONSe2000FCBU-MAIN LIBRARY (Kitwe)jKYO-UNI(05)ASM/2014/2M2UAVAILABLEWSep 14, 2015yB2000ZInternational Publications c83815d83815 00102lcc4070a001b001cInternational Publicationsd2024-01-08l0oKYO-UNI(05)ASM/2014/1pB1999r2024-01-08t1w2024-01-08y023 00102lcc4070a001b001cInternational Publicationsd2024-01-08l0oKYO-UNI(05)ASM/2014/49pB2001r2024-01-08t2w2024-01-08y023 00102lcc4070a001b001cInternational Publicationsd2024-01-08l0oKYO-UNI(05)ASM/2014/50pB2002r2024-01-08t3w2024-01-08y023 00102lcc4070a001b001cInternational Publicationsd2024-01-08l0oKYO-UNI(05)ASM/2014/2pB2000r2024-01-08t4w2024-01-08y023